000 00445nam a2200193Ia 4500
005 20250423100701.0
008 250422s9999 xx 000 0 und d
020 _a9780273755807
050 _aTA 439 .N48/
100 _aNeville, A.M.
245 0 _aProperties of concrete
250 _a5th ed.
260 _aEdinburgh
260 _bPearson Education Limited
260 _c2011
300 _a846 p
650 _aConcrete.
942 _cBK
999 _c34048
_d34048